Normal view MARC view
  • Groover. Mikell P.

Entry Personal Name

Number of records used in: 4

001 - CONTROL NUMBER

  • control field: 177

003 - CONTROL NUMBER IDENTIFIER

  • control field: OSt

005 - DATE AND TIME OF LATEST TRANSACTION

  • control field: 20160428143235.0

008 - FIXED-LENGTH DATA ELEMENTS

  • fixed length control field: 160428|| aca||aabn | a|a d

040 ## - CATALOGING SOURCE

  • Original cataloging agency: OSt
  • Transcribing agency: OSt

100 ## - HEADING--PERSONAL NAME

  • Personal name: Groover. Mikell P.

670 ## - SOURCE DATA FOUND

  • Source citation: Work cat.: (OSt): Groover. Mikell P., CAD/CAM: Computer Aided Design and Manufacturing, 2004